<?xml version="1.0" encoding="UTF-8"?>
<collection xmlns="http://www.loc.gov/MARC21/slim">
  <record>
    <leader>00000nam  2200000   4500</leader>
    <controlfield tag="001">INLIS000000000001728</controlfield>
    <controlfield tag="005">20180724142946</controlfield>
    <controlfield tag="008">180724|||||||||   |   |||   |||| ||   | </controlfield>
    <datafield tag="035" ind1=" " ind2=" ">
      <subfield code="0">010-0718001728</subfield>
    </datafield>
    <datafield tag="041" ind1=" " ind2=" ">
      <subfield code="a">id</subfield>
    </datafield>
    <datafield tag="082" ind1=" " ind2=" ">
      <subfield code="a">R.073</subfield>
    </datafield>
    <datafield tag="090" ind1=" " ind2=" ">
      <subfield code="a">R.073 PIM I 2017</subfield>
    </datafield>
    <datafield tag="100" ind1=" " ind2=" ">
      <subfield code="a">Gaffar Guntor</subfield>
    </datafield>
    <datafield tag="245" ind1=" " ind2=" ">
      <subfield code="a">Optimalisasi Instrumen Dalam Evaluasi Pendidikan Dan Pelatihan POLRI Akan Memberikan Hasil Lebih Terukur Dan Mewujudkan Suasana Kompetitif Diantara Satuan Pendidikan</subfield>
    </datafield>
    <datafield tag="260" ind1=" " ind2=" ">
      <subfield code="a">Jakarta</subfield>
      <subfield code="b">LAN Jakarta</subfield>
      <subfield code="c">2016</subfield>
    </datafield>
    <datafield tag="300" ind1=" " ind2=" ">
      <subfield code="a">iii, 21 hlm., Ilus, 30 cm</subfield>
    </datafield>
    <datafield tag="500" ind1=" " ind2=" ">
      <subfield code="a">Salah satu upaya lemdiklat Polri dalam meningkatkan kualitas atau mutu penyelenggaraan pendidikan yang dilaksanakan oleh satuan pendidikan yang berada dibawahnya adalah melalui evaluasi dan pengkajian terhadap delapan standar pendidikan yang dilakukan secara rutin dan berkesinambungan dengan tujuan untuk mengumpulkan, mendeskripsikan dan menyajikan informasi secara akurat dan obyektif yang dapat digunakan sebagai bahan bagi pimpinan dalam pengambilan keputusan, pembuatan kebijakan, dan penyusunan program selanjutnya.  &#13;
          Penulis merumuskan suatu kebijakan untuk mengganti instrumen evaluasi yang selama ini digunakan dengan instrumen borang yang telah digunakan oleh Kemendikbud khususnya Dikti dalam memberikan akreditasi kepada seluruh perguruan tinggi swasta di Indonesia.  Borang adalah alat atau instrumen berupa kumpulan pertanyaan untuk mengungkapkan atau mengumpulkan data dan informasi yang memerlukan dokumen pendukung untuk digunakan dalam mengukur, menilai mutu, kualitas, atau kinerja suatu Lembaga pendidikan dengan hasil berupa angka, sehingga dapat diberikan ranking atau urutan atas kinerja suatu satuan pendidikan.  Borang berisi pertanyaan yang berkaitan dengan delapan standar pendidikan Polri untuk mengetahui arah tujuan pelaksanaan pendidikan dan terpeliharanya mutu pendidikan Polri serta tercapainya kompetensi lulusan yang diharapkan.</subfield>
    </datafield>
    <datafield tag="650" ind1=" " ind2=" ">
      <subfield code="a">Evaluasi Pendidikan</subfield>
    </datafield>
  </record>
</collection>
